Southville International School and Colleges
Your cart is empty.
  • Cart
  • Lists
    Public lists Eva Luna New books Lux_list list_1
    Your lists Log in to create your own lists
  • Log in to your account
  • Your cookies
  • Search history
Southville International School and Colleges
  • Advanced search
  • Recent comments
  • Most popular
  • Libraries

Log in to your account

Log in with GOOGLE


If you do not have an external account, but do have a local account, you can still log in:

  1. Home
  2. MARC view: Applied ethics : an introduction
Normal view MARC view ISBD view

Applied ethics : an introduction (Record no. 365457)

[ view plain ]
MARC details
000 -LEADER
fixed length control field 00549nam a22001937a 4500
003 - CONTROL NUMBER IDENTIFIER
control field 0
005 - DATE AND TIME OF LATEST TRANSACTION
control field 20230929151536.0
008 - FIXED-LENGTH DATA ELEMENTS--GENERAL INFORMATION
fixed length control field 230929b xxu||||| |||| 00| 0 eng d
020 ## - INTERNATIONAL STANDARD BOOK NUMBER
International Standard Book Number 978-1509-54738-8
050 ## - LIBRARY OF CONGRESS CALL NUMBER
Classification number BJ 1031
Item number .At88 2023
100 ## - MAIN ENTRY--PERSONAL NAME
Personal name Attfield, Robin
245 ## - TITLE STATEMENT
Title Applied ethics : an introduction
Statement of responsibility, etc Robin Attfield
260 ## - PUBLICATION, DISTRIBUTION, ETC. (IMPRINT)
Place of publication, distribution, etc Cambridge
Name of publisher, distributor, etc Polity Press
Date of publication, distribution, etc c2023.
300 ## - PHYSICAL DESCRIPTION
Extent v, 217 pages ;
Dimensions 24 cm.
500 ## - GENERAL NOTE
General note Ethics.
504 ## - BIBLIOGRAPHY, ETC. NOTE
Bibliography, etc Includes bibliographical references and index.
650 ## - SUBJECT ADDED ENTRY--TOPICAL TERM
Topical term or geographic name as entry element Ethics.
942 ## - ADDED ENTRY ELEMENTS (KOHA)
Source of classification or shelving scheme Library of Congress Classification
Koha item type Books
Holdings
Withdrawn status Lost status Source of classification or shelving scheme Damaged status Home library Current library Shelving location Date acquired Source of acquisition Sub Shelving location Total Checkouts Full call number Barcode Date last seen Price effective from Koha item type
    Library of Congress Classification   College Library College Library Reserve Section 09/29/2023 Library Fund     BJ 1031 .At88 2023 C23062 09/29/2023 09/29/2023 Books

Applied ethics : an introduction

APA

Attfield R., . (2023). Applied ethics : an introduction. Cambridge: Polity Press.

Chicago

Attfield Robin, . 2023. Applied ethics : an introduction. Cambridge: Polity Press.

Harvard

Attfield R., . (2023). Applied ethics : an introduction. Cambridge: Polity Press.

MLA

Attfield Robin, . Applied ethics : an introduction. Cambridge: Polity Press. 2023.

  • Place hold
  • Print
  • Cite
  • Add to your cart (remove)
  • Save record
    BIBTEX Dublin Core MARCXML MARC (non-Unicode/MARC-8) MARC (Unicode/UTF-8) MARC (Unicode/UTF-8, Standard) MODS (XML) RIS
  • More searches
    Search for this title in:
    Other Libraries (WorldCat) Other Databases (Google Scholar) Online Stores (Bookfinder.com) Open Library (openlibrary.org)

Exporting to Dublin Core...

SOUTHVILLE LIBRARY

Southville International School and Colleges Library

1281 Tropical Ave. Cor. Luxembourg St., BF Homes International, Las Pinas City

Tel. No. 8256374 / 252358 Loc. 117/146

Powered by Koha